Navegaciones: El magisterio y la investigación
Este texto quiere contribuir a convocar el deseo de saber de los maestros. Estamos seguros de que ese deseo de saber, si se vive con la intensidad que merece, encenderá el deseo de saber de los estudiantes y transformará la escuela en el espacio abierto para la autocostrucción y para la aventura del...
Salvato in:
| Natura: | Libro |
|---|---|
| Lingua: | Spanish |
| Pubblicazione: |
Bogotá:
unesco; colciencias,
2005.
|
| Soggetti: | |
| Accesso online: | Enlace del recurso |
| Tags: |
Aggiungi Tag
Nessun Tag, puoi essere il primo ad aggiungerne! !
|
MARC
| LEADER | 00000nam a2200000 a 4500 | ||
|---|---|---|---|
| 001 | 001560 | ||
| 008 | 081224p2005 ck spa | ||
| 020 | |a 958-33-8616-2 | ||
| 082 | 0 | 4 | |a 370.9861/ |b N323n |
| 245 | 1 | 0 | |a Navegaciones: |b El magisterio y la investigación |c Carlos Augusto Hernández ...[et al]. |
| 260 | |a Bogotá: |b unesco; colciencias, |c 2005. | ||
| 300 | |a 191p.; |b il. | ||
| 520 | |a Este texto quiere contribuir a convocar el deseo de saber de los maestros. Estamos seguros de que ese deseo de saber, si se vive con la intensidad que merece, encenderá el deseo de saber de los estudiantes y transformará la escuela en el espacio abierto para la autocostrucción y para la aventura del conocimiento que debe ser. | ||
| 650 | |a PEDAGOGÍA -- |x INVESTIGACIÓN | ||
| 650 | |a CALIDAD DE LA EDUCACIÓN | ||
| 650 | |a APRENDIZAJE | ||
| 650 | |a METODOLOGIA -- |x EDUCACIÓN | ||
| 999 | |c 3712 |d 3712 | ||
| 856 | |u https://catalogo.idep.edu.co/cgi-bin/koha/opac-detail.pl?biblionumber=3712 |z Enlace del recurso | ||